| 000 | 00823nam a2200277Ia 4500 | ||
|---|---|---|---|
| 003 | OSt | ||
| 005 | 20220926020854.0 | ||
| 006 | a|||||r|||| 00| 0 | ||
| 007 | ta | ||
| 008 | 220923b |||||||| |||| 00| 0 eng d | ||
| 020 | _a3540421999 | ||
| 037 | _cGeneral Book | ||
| 040 |
_aRTL _cRTL _beng |
||
| 041 |
_2eng _aeng |
||
| 082 | _aU2884:(G:55), P4 | ||
| 100 |
_aCasale Riccardo Ed. _9325286 |
||
| 245 | 0 | _aNatural disasters and sustainable development | |
| 260 |
_aNew York _bSpringer USA _c2004 |
||
| 300 |
_axix, 397p _ccm. |
||
| 490 | _aEnvironmental Science | ||
| 500 | _aBiblography Chapterwise | ||
| 650 | _aClimate | ||
| 700 |
_a Margottini Claudio Ed. _9325287 |
||
| 942 |
_hU2884:(G:55), P4 _cGB _2CC |
||
| 999 |
_c635144 _d635144 |
||